[Event "WCh w Blitz Semi-Final"]
[Site "Moscow RUS"]
[Date "2010.09.15"]
[Round "13"]
[White "Muzychuk,M"]
[Black "Gvetadze,Sopi"]
[Result "0-1"]
[WhiteElo "2464"]
[BlackElo "2352"]

1.e4 c5 2.Nf3 Nc6 3.Bb5 d6 4.O-O Bd7 5.Re1 g6 6.c3 Bg7 7.d4 cxd4 8.cxd4 a6
9.Bxc6 Bxc6 10.Nc3 Nf6 11.Bf4 O-O 12.Rc1 Rc8 13.h3 b5 14.a3 Bb7 15.Qd3 Qb6
16.Be3 Rc4 17.Nd2 Rcc8 18.f4 Rfd8 19.Nb3 Qa7 20.d5 Qb8 21.Na5 Ba8 22.Ne2 b4
23.Nd4 Re8 24.Ndc6 Bxc6 25.Nxc6 Qa8 26.Nxb4 e6 27.Qxa6 Nxe4 28.Qxa8 Rxa8
29.dxe6 fxe6 30.Re2 d5 31.Nc6 h6 32.Ne5 Bxe5 33.fxe5 g5 34.Rc6 Rac8 35.Rec2 Rxc6
36.Rxc6 Kf7 37.a4 Rd8 38.Bd4 Rb8 39.Bb6 Nd2 40.a5 Nc4 41.Rc7+ Kg6 42.Rc6 Kf5
43.b3 Nxe5 44.Rc7 Nd3 45.a6 Rxb6 46.a7 Ra6 47.Rb7 Nc5 48.Rc7 Nxb3  0-1

[Event "WCh w Blitz Semi-Final"]
[Site "Moscow RUS"]
[Date "2010.09.16"]
[Round "23"]
[White "Skripchenko,A"]
[Black "Charochkina,D"]
[Result "1-0"]
[WhiteElo "2464"]
[BlackElo "2303"]

1.e4 c5 2.Nf3 Nc6 3.Bb5 d6 4.Bxc6+ bxc6 5.O-O Bg4 6.d3 e5 7.Nbd2 Be7 8.h3 Bh5
9.Re1 Nf6 10.Nf1 Nd7 11.Ng3 Bg6 12.c3 O-O 13.d4 exd4 14.cxd4 Qb6 15.dxc5 Nxc5
16.b3 Bf6 17.Rb1 Rad8 18.Be3 Qb4 19.Bd4 Be7 20.Nf5 Bxf5 21.exf5 Rfe8 22.Qc2 Bf8
23.Rxe8 Rxe8 24.Bxc5 dxc5 25.Rd1 Qf4 26.Rd7 a6 27.Kf1 Re4 28.Rd8 Qxf5 29.Qd2 Re6
30.Kg1 h6 31.Nh4 Qb1+ 32.Kh2 Qe4 33.f4 g5 34.Nf3 gxf4 35.Ra8 Kg7 36.Qd8 Be7
37.Qh8+ Kg6 38.Rg8+ Kf5 39.Qh7+ Rg6 40.Qxf7+ Rf6 41.Qh7+ Ke6 42.Qxe4+  1-0

[Event "EYCC Boys U16"]
[Site "Batumi GEO"]
[Date "2010.09.23"]
[Round "4"]
[White "Kazakos,E"]
[Black "Pasiev,R"]
[Result "0-1"]
[WhiteElo "2105"]
[BlackElo "2229"]

1.e4 c5 2.Nf3 Nc6 3.Bb5 g6 4.O-O Bg7 5.c3 e5 6.d4 cxd4 7.cxd4 Nxd4 8.Nxd4 exd4
9.Na3 Ne7 10.Bg5 O-O 11.Qf3 f6 12.Bh4 Nc6 13.Rfd1 a6 14.Bf1 Kh8 15.Qb3 b5
16.Nc2 Qb6 17.f3 Bb7 18.Bf2 f5 19.exf5 Rxf5 20.Bd3 Rff8 21.Be4 Na5 22.Qd3 d5
23.Bxg6 Qxg6 24.Nxd4 Qxd3 25.Rxd3 Rac8 26.b3 Nc6 27.Rad1 Nxd4 28.Bxd4 Bxd4+
29.Rxd4 Rfe8 30.Kf2 Rc2+ 31.R4d2 Rxd2+ 32.Rxd2 Kg7 33.b4 Kf6 34.Rb2 Re7 35.Rd2 Rc7
36.Ke3 Rc3+ 37.Ke2 Ke5 38.g3 d4 39.f4+ Ke4 40.Ke1 d3 41.Kd1 Ke3  0-1

[Event "EYCC Boys U16"]
[Site "Batumi GEO"]
[Date "2010.09.23"]
[Round "4"]
[White "Mokshanov,A"]
[Black "Apresyan,Z"]
[Result "1-0"]
[WhiteElo "2271"]
[BlackElo "2109"]

1.e4 c5 2.Nf3 Nc6 3.Bb5 g6 4.Bxc6 dxc6 5.h3 Bg7 6.Nc3 Nf6 7.d3 Nd7 8.Be3 e5
9.Qd2 Qe7 10.O-O Nf8 11.Ne2 Ne6 12.Ng5 h6 13.Nxe6 Bxe6 14.Qc3 b6 15.b4 c4
16.dxc4 O-O 17.Rfd1 f5 18.f3 fxe4 19.fxe4 Qh4 20.Rd6 Rae8 21.Qd3 Bxh3 22.gxh3 Rf3
23.Rxg6 Qxh3 24.Rd1 Ref8 25.Rxg7+ Kxg7 26.Qd7+ Qxd7 27.Rxd7+ Kh8 28.Rd3 Rg8+
29.Kh2 Rg4 30.Bd4 Rxe4 31.Rxf3 Rxe2+ 32.Rf2  1-0

[Event "EYCC Girls U14"]
[Site "Batumi GEO"]
[Date "2010.09.23"]
[Round "4"]
[White "Serefidou,D"]
[Black "Cemhan,K"]
[Result "0-1"]
[WhiteElo "1671"]
[BlackElo "1813"]

1.e4 c5 2.Nf3 Nc6 3.Bb5 e6 4.Bxc6 bxc6 5.d3 d5 6.Nbd2 Nf6 7.Qe2 Be7 8.O-O Nd7
9.e5 O-O 10.b3 a5 11.Bb2 a4 12.h3 Qc7 13.Nh2 a3 14.Bc1 Qxe5 15.Qxe5 Nxe5
16.f4 Nd7 17.Ng4 h5 18.Ne5 Nxe5 19.fxe5 Rd8 20.c4 f6 21.Nb1 fxe5 22.Nxa3 Bd7
23.Bb2 Bf6 24.Nb1 Be8 25.Nc3 Bg6 26.Rfd1 e4 27.dxe4 Bd4+ 28.Kh1 Bxc3 29.Bxc3 Bxe4
30.Be1 Rf8 31.Kg1 Rf5 32.Rd2 Rf7 33.Bg3 Rd8 34.Rf1 Rxf1+ 35.Kxf1 Kf7 36.Bc7 Rd7
37.Bb6 e5 38.Bxc5 d4 39.b4 Ke6 40.a4 Rd8 41.a5 Ra8 42.g3 Bg6 43.Ke2 Bf5 44.h4 Be4
45.Ra2 Kf5 46.Kf2 Bd3 47.Ra3 Bxc4 48.Rf3+ Ke6 49.Ra3 Kd5 50.Ra1 Ba6 51.Rd1 Rd8
52.Rd2 Rd7 53.Kg2 Rf7 54.Rd1 Rf5 55.Bb6 g5 56.hxg5 Rxg5 57.Kh3 Rg4 58.Bc5 Re4
59.Rd2 Bf1+ 60.Kh2 Re2+ 61.Rxe2 Bxe2 62.Kg2 e4 63.Kf2 Bb5 64.Ke1 e3 65.Kd1 Ke4
66.Bd6 d3 67.Bf4 Kf3 68.Ke1 d2+ 69.Kd1 Be2+  0-1

[Event "EYCC Boys U10"]
[Site "Batumi GEO"]
[Date "2010.09.23"]
[Round "5"]
[White "Sarana,A"]
[Black "Grela,K"]
[Result "1/2-1/2"]
[WhiteElo "1981"]
[BlackElo "1698"]

1.e4 c5 2.Nf3 Nc6 3.Bb5 g6 4.c3 Bg7 5.O-O Nf6 6.e5 Nd5 7.d4 cxd4 8.cxd4 O-O
9.Nc3 Nc7 10.Bc4 d6 11.Bf4 Bg4 12.exd6 exd6 13.d5 Nd4 14.Re1 Nxf3+ 15.gxf3 Bh3
16.Ne4 Ne8 17.Qd2 Bf5 18.Bh6 Bxe4 19.fxe4 Qh4 20.Bxg7 Qg4+ 21.Kh1 Qf3+ 22.Kg1 Qg4+
23.Kf1 Qh3+ 24.Kg1  1/2-1/2

[Event "EYCC Boys U14"]
[Site "Batumi GEO"]
[Date "2010.09.23"]
[Round "5"]
[White "Beradze,I"]
[Black "Bayramov,Elvin Shamil"]
[Result "1-0"]
[WhiteElo "2242"]
[BlackElo "2006"]

1.e4 c5 2.Nf3 Nc6 3.Bb5 d6 4.d4 cxd4 5.Qxd4 Bd7 6.Bxc6 bxc6 7.c4 c5 8.Qd3 g6
9.Nc3 Bg7 10.O-O Nf6 11.h3 O-O 12.Bf4 Qb6 13.Rab1 Rfd8 14.Qe3 Be6 15.b3 Qa5
16.Rbc1 Nh5 17.Bh6 Bh8 18.Qd2 Re8 19.Ng5 Bd4 20.Kh1 Bd7 21.Qd3 Nf4 22.Qf3 f6
23.Qxf4 fxg5 24.Qg3 Be5 25.Qd3 g4 26.hxg4 Bxg4 27.Nd5 Qd8 28.f4 Bd4 29.f5 Kh8
30.fxg6 hxg6 31.Qg3 Qd7 32.Rf7 Be6 33.Rf4 Kh7 34.Rh4 Bg7 35.Be3+ Kg8 36.Qxg6 Bxd5
37.Qh7+ Kf8 38.Rf1+ Bf7 39.Rxf7+ Kxf7 40.Rf4+ Ke6 41.Qf5+  1-0

[Event "EYCC Girls U16"]
[Site "Batumi GEO"]
[Date "2010.09.23"]
[Round "5"]
[White "Schaefer,D"]
[Black "Carlsen,I"]
[Result "1-0"]
[WhiteElo "1935"]
[BlackElo "1523"]

1.e4 c5 2.Nf3 Nc6 3.Bb5 g6 4.O-O Bg7 5.Re1 d6 6.c3 Bd7 7.Bc4 e6 8.d4 cxd4
9.cxd4 Nge7 10.Nc3 O-O 11.d5 exd5 12.Nxd5 Be6 13.Bf4 Bxd5 14.Bxd5 Nxd5 15.Qxd5 Re8
16.Qxd6 Qxd6 17.Bxd6 Bxb2 18.Rab1 Bc3 19.Rec1 Bf6 20.Rxb7 Nd4 21.Rcc7 Rac8
22.Rxc8 Rxc8 23.Rb8 Rxb8 24.Bxb8 Nxf3+ 25.gxf3 Bd4 26.Kf1 f6 27.Bf4 Kf7 28.Be3 Bxe3
29.fxe3 Ke6 30.Ke2 h6 31.Kd3 Kd7 32.Kd4 Kd6 33.Kc4 a6 34.Kb4 Kc6 35.Ka5 Kb7
36.f4 g5 37.f5 g4 38.e5 Kc7 39.exf6 Kd7 40.e4 h5 41.e5 h4 42.e6+ Ke8 43.Kb6 g3
44.hxg3 hxg3 45.Kc7 g2 46.f7+ Kf8 47.Kd7 g1=Q 48.e7+ Kxf7 49.e8=Q+ Kg7 50.Qg6+ Qxg6
51.fxg6 Kxg6 52.Kc6 Kf6 53.Kb6 Ke6 54.Kxa6 Kd5 55.Kb6  1-0

[Event "39th Olympiad Women"]
[Site "Khanty-Mansiysk RUS"]
[Date "2010.09.24"]
[Round "4"]
[White "Fierro Baquero,M"]
[Black "Heinatz,G"]
[Result "1-0"]
[WhiteElo "2368"]
[BlackElo "2228"]

1.e4 c5 2.Nf3 Nc6 3.Bb5 g6 4.Bxc6 dxc6 5.d3 Bg7 6.h3 e5 7.Be3 b6 8.Nc3 Qe7
9.Qd2 h6 10.O-O Nf6 11.Nh2 g5 12.a4 a5 13.Qe2 Be6 14.Nb1 Nd7 15.Nd2 h5 16.f3 Nf8
17.Nc4 Rb8 18.Qf2 Ng6 19.Nxb6 Nf4 20.Nc4 Bxh3 21.Bxc5 Qe6 22.g3 Ng6 23.Rfe1 Bf8
24.Bxf8 Kxf8 25.Qa7 Kg7 26.Qxa5 g4 27.Qd2 h4 28.Qf2 Rh5 29.fxg4 hxg3 30.Qxg3 Rg5
31.Ne3 Nf4 32.Nf5+ Kf8 33.Qh4 Rg8 34.Qh6+ Qxh6 35.Nxh6 Rg6 36.Nf5 Bxg4 37.Nxg4 Rxg4+
38.Kf2 Ke8 39.Kf3 Rg6 40.b3 Kd7 41.d4 Nh3 42.dxe5 Ke6 43.Rh1 Rh8 44.Ke3 Kxe5
45.a5 Rg4 46.Ra4 Rgg8 47.a6 Nf4 48.Rxh8 Rxh8 49.a7  1-0

[Event "39th Olympiad Women"]
[Site "Khanty-Mansiysk RUS"]
[Date "2010.09.24"]
[Round "4"]
[White "Greeff,M"]
[Black "Soondarsingh,A"]
[Result "1-0"]
[WhiteElo "2079"]
[BlackElo "1829"]

1.e4 c5 2.Nf3 Nc6 3.Bb5 g6 4.Bxc6 dxc6 5.h3 Bg7 6.d3 Nf6 7.Nc3 Qc7 8.Be3 c4
9.dxc4 Be6 10.Qe2 Rd8 11.O-O h6 12.Nd4 Bc8 13.Rad1 O-O 14.f4 e5 15.Nb3 exf4
16.Bxf4 Qb6+ 17.c5 Qa6 18.Qe3 Kh7 19.Qf3 Be6 20.Bd6 Rfe8 21.Nd4 Rd7 22.Be5 Rxd4
23.Bxd4 Nh5 24.g4 Bxd4+ 25.Rxd4 Ng7 26.Ra4  1-0

[Event "39th Olympiad Women"]
[Site "Khanty-Mansiysk RUS"]
[Date "2010.09.24"]
[Round "4"]
[White "Blanco,No"]
[Black "Isayeva,A"]
[Result "0-1"]
[WhiteElo "1776"]
[BlackElo "2025"]

1.e4 c5 2.Nf3 Nc6 3.Bb5 g6 4.c3 Nf6 5.e5 Nd5 6.d4 cxd4 7.cxd4 Qa5+ 8.Nc3 Nxc3
9.bxc3 Qxb5 10.d5 Na5 11.Be3 Nc4 12.O-O Nxe3 13.fxe3 Bh6 14.Qd2 O-O 15.Rab1 Qc5
16.Rfe1 b6 17.Rb4 Bb7 18.Rh4 Bg7 19.c4 e6 20.Ng5 h5 21.Ne4 Qe7 22.Rh3 Bxe5
23.Nf2 Rac8 24.e4 Rxc4 25.g4 h4 26.g5 Rfc8 27.Ng4 Bc3 28.Nh6+ Kg7 29.Rxc3 Rxc3
30.d6 Qf8 31.Rf1 f5 32.gxf6+ Kh7 33.Ng4 R3c5 34.e5 Rc2  0-1

[Event "39th Olympiad Women"]
[Site "Khanty-Mansiysk RUS"]
[Date "2010.09.25"]
[Round "5"]
[White "Jonoska,K"]
[Black "Partac,E"]
[Result "1/2-1/2"]
[WhiteElo "2012"]
[BlackElo "2087"]

1.e4 c5 2.Nf3 Nc6 3.Bb5 g6 4.Bxc6 dxc6 5.d3 Bg7 6.h3 Nf6 7.Nc3 O-O 8.Be3 Nd7
9.Qd2 Re8 10.O-O b6 11.Nh2 e5 12.Ng4 Qe7 13.f4 h5 14.Nh2 exf4 15.Bxf4 Ne5
16.Nf3 f6 17.Nxe5 fxe5 18.Bg5 Qd6 19.Rf3 Bd7 20.Raf1 Rf8 21.Bh6 Rxf3 22.Rxf3 Rf8
23.Rxf8+ Qxf8 24.Bxg7 Kxg7 25.Qg5 Qd6 26.Ne2 Be6 27.b3 Bf7 28.Kh2 Qf6 29.Qxf6+ Kxf6
30.h4 Be6 31.Kg1 Bg4 32.Kf2 b5 33.a3 a5 34.Ke3 Ke6 35.Nc1 Kd6 36.Ne2  1/2-1/2

[Event "39th Olympiad Women"]
[Site "Khanty-Mansiysk RUS"]
[Date "2010.09.25"]
[Round "5"]
[White "Hoolt,S"]
[Black "Chumpitaz,A"]
[Result "0-1"]
[WhiteElo "2251"]
[BlackElo "2150"]

1.e4 c5 2.Nf3 Nc6 3.Bb5 g6 4.Bxc6 dxc6 5.d3 Bg7 6.h3 Nf6 7.O-O O-O 8.Bg5 Nh5
9.Qc1 Qc7 10.e5 f6 11.Bh6 g5 12.Bxg7 Nxg7 13.exf6 exf6 14.Nc3 Bd7 15.Qd2 Rf7
16.Ne4 b6 17.Rae1 Raf8 18.Nh2 Nh5 19.Ng4 Rg7 20.Qc3 Rg6 21.Qc4+ Kh8 22.Nc3 Rg7
23.Ne2 f5 24.Ne5 Bc8 25.f4 g4 26.hxg4 fxg4 27.g3 Qd6 28.Qe4 Nf6 29.Qxc6 Qd8
30.Nc3 Bb7 31.Qa4 a6 32.Rf2 b5 33.Qb3 Qd4 34.Qe6 Bc8 35.Qb6 Bb7 36.Qe6 Bc8
37.Qb6 Bb7 38.Kf1 Nh5 39.Ne4 Bxe4 40.dxe4 Nxg3+ 41.Kg2 Nxe4 42.Rfe2 Nf6 43.c3 Qd5+
44.Kg1 Nh5 45.Qc6 Qxc6 46.Nxc6 Nxf4 47.Re8 Rf7 48.Ne5 Nh3+ 49.Kh1 Nf2+ 50.Kg2 Rf5
51.Rxf8+ Rxf8 52.Rf1 g3 53.Kxg3 Ne4+ 54.Kg2 Rxf1 55.Kxf1 Kg7 56.Ke2 h5 57.Nd7 c4
58.Ke3 Nd6 59.a4 Kg6 60.Kf4 bxa4 61.Nc5 a3 62.bxa3 Nb5 63.Nxa6 Nxc3 64.Nc5 Nd5+
65.Ke4 c3 66.Nd3 Nb6 67.Kf4 Na4 68.Nb4 Nb2 69.Nc2 Kf6 70.Nb4 Kg6 71.Nc2 Kf6
72.Nb4 Kg6 73.Nc2 Na4 74.Nb4 Nc5 75.Nc2 Kf6 76.Nd4 Nd3+ 77.Ke3 Nb2 78.Kf4 Ke7
79.Kg5 Kf7 80.Kxh5 Kf6 81.Kg4 Ke5 82.Nc2 Ke4 83.Nb4 Nd3 84.Nc2 Ne5+ 85.Kg3 Kd3
86.Na1 Ke3 87.a4 Nc4 88.Nc2+ Kd2 89.Nb4 Ke2 90.Kf4 Nb2 91.Ke4 Nxa4 92.Kd4 Kd2
93.Kc4 Nb2+ 94.Kd4 Nd1 95.Kc4 Nf2 96.Kd4 Ng4 97.Kc4 Ne5+ 98.Kb3 Nd3 99.Na2 c2
100.Ka3 Nc5 101.Kb2 Na4+ 102.Ka1 Kd1  0-1

[Event "EYCC Girls U12"]
[Site "Batumi GEO"]
[Date "2010.09.26"]
[Round "7"]
[White "Menzi,N"]
[Black "Khomeriki,N"]
[Result "1-0"]
[WhiteElo "1818"]
[BlackElo "1812"]

1.e4 c5 2.Nf3 Nc6 3.Bb5 g6 4.O-O Bg7 5.c3 e5 6.d3 Qb6 7.Na3 Nge7 8.Be3 O-O
9.b4 d6 10.Rb1 Nd8 11.Ba4 Qc7 12.Nb5 Qb6 13.d4 exd4 14.cxd4 cxb4 15.d5 Qa5
16.Nxd6 Bg4 17.Bb3 Kh8 18.Nc4 Qa6 19.h3 Bxf3 20.Qxf3 f5 21.e5 b5 22.Bc5 bxc4
23.Bxe7 Re8 24.d6 Nc6 25.Bxc4 Qb6 26.e6 Nxe7 27.dxe7 Rac8 28.Qb3 a5 29.Rfd1 Bd4
30.Rd2 Rxe7 31.Rbd1 Bc5 32.Qb2+ Kg8 33.Rd7 Rce8 34.R1d2 Qc6 35.Bd5 Qb6 36.Qf6 Rf8
37.Qg5 Rfe8 38.Qf6 Rf8 39.Qg5 Rfe8 40.h4 Kg7 41.h5 a4 42.h6+ Kg8 43.Qf6 b3
44.axb3 Qb4 45.Bc4 Qb6 46.bxa4 Bb4 47.Rxe7 Rxe7 48.Rd7 Bd6 49.Rxe7 Qb1+ 50.Bf1  1-0

[Event "39th Olympiad Women"]
[Site "Khanty-Mansiysk RUS"]
[Date "2010.09.28"]
[Round "7"]
[White "Makropoulou,M"]
[Black "Mammadova,G"]
[Result "1-0"]
[WhiteElo "2230"]
[BlackElo "2293"]

1.e4 c5 2.Nf3 Nc6 3.Bb5 g6 4.Bxc6 dxc6 5.d3 Bg7 6.h3 e5 7.O-O Qe7 8.Nc3 Nh6
9.a4 a5 10.Be3 f6 11.Nd2 O-O 12.Nc4 Be6 13.Qd2 Nf7 14.f3 Bxc4 15.dxc4 b6
16.Ne2 f5 17.Nc3 f4 18.Bf2 Ra7 19.Rfd1 h5 20.Ne2 g5 21.g4 fxg3 22.Nxg3 Qf6
23.Ra3 Qg6 24.Rd3 g4 25.fxg4 Ng5 26.Nf5 Nxe4 27.Qe2 Nxf2 28.Kxf2 hxg4 29.hxg4 Qg5
30.Qe4 Raf7 31.Rf3 Rd8 32.Rxd8+ Qxd8 33.Rd3 Qf6 34.Kg2 Bf8 35.b3 Rh7 36.Re3 Rd7
37.Rd3 Rh7 38.Rh3 Rxh3 39.Kxh3 Kf7 40.Kg3 Qe6 41.Kf3 Bg7 42.Qd3 Bf6 43.Ke4 Bg5
44.Qh3 Qg6 45.Qh5 Bf4 46.Qxg6+ Kxg6 47.Ne7+ Kf6 48.Nxc6 Ke6 49.Na7 Bg5 50.Nb5 Bd8
51.Nc3 Kf6 52.Nd5+ Ke6 53.Kf3 Kd6 54.Ke3 Kd7 55.Ke4 Ke6 56.c3 Bg5 57.Nxb6 Bd2
58.Nd5 Bg5 59.Ne3 Bh4 60.Nc2 Bg5 61.Ne3 Bh4 62.Nd5 Bd8 63.b4 cxb4 64.cxb4 axb4
65.Nxb4 Kd6 66.Nd3 Bf6 67.Kf5 Bg7 68.g5 Kc6 69.Nxe5+ Kc5 70.Ke4 Kb4 71.Kd5 Kxa4
72.Nd3 Bf8 73.Nf4  1-0

[Event "39th Olympiad Women"]
[Site "Khanty-Mansiysk RUS"]
[Date "2010.09.28"]
[Round "7"]
[White "Marrero Lopez,Yan"]
[Black "Kaps,D"]
[Result "1-0"]
[WhiteElo "2324"]
[BlackElo "2300"]

1.e4 c5 2.Nf3 Nc6 3.Bb5 e6 4.Bxc6 bxc6 5.d3 d6 6.e5 d5 7.O-O Be7 8.c4 h5
9.Nc3 Bd7 10.b3 Nh6 11.Na4 Nf5 12.Ba3 g5 13.Bxc5 g4 14.Ne1 Bg5 15.d4 Bc8
16.Nb2 a5 17.Nc2 Ba6 18.Qd3 Bf4 19.Ne3 Nh4 20.g3 Nf3+ 21.Kg2 Bxe3 22.Qxe3 h4
23.h3 f5 24.exf6 Qxf6 25.Qf4 Qxf4 26.gxf4 Nd2 27.Rfe1 gxh3+ 28.Kxh3 Ne4 29.f3 Nxc5
30.dxc5 Kf7 31.Nd3 Rag8 32.Ne5+ Kf6 33.Rg1 dxc4 34.bxc4 Kf5 35.Rg4 Rxg4 36.fxg4+ Ke4
37.Re1+ Kd4 38.Nxc6+ Kxc5 39.Nxa5 Kb4 40.Nc6+ Kxc4 41.Rxe6 Kd5 42.f5 Bf1+
43.Kh2 h3 44.Ne7+ Kd4 45.Re1 Bg2 46.g5 Ra8 47.Re2 Kd3 48.Rb2 Ke4 49.g6  1-0

[Event "39th Olympiad Women"]
[Site "Khanty-Mansiysk RUS"]
[Date "2010.09.29"]
[Round "8"]
[White "Kulovana,E"]
[Black "Lujan,C"]
[Result "1/2-1/2"]
[WhiteElo "2359"]
[BlackElo "2312"]

1.e4 c5 2.Nf3 Nc6 3.Bb5 e6 4.Bxc6 bxc6 5.d3 Ne7 6.O-O Ng6 7.Ng5 e5 8.Qh5 Qe7
9.Na3 d6 10.Nc4 h6 11.Nh3 Be6 12.f4 exf4 13.Nxf4 Bxc4 14.dxc4 Ne5 15.b3 g6
16.Qe2 Bg7 17.Bb2 O-O 18.Rae1 Rae8 19.Nd3 Nxd3  1/2-1/2

[Event "39th Olympiad Women"]
[Site "Khanty-Mansiysk RUS"]
[Date "2010.09.30"]
[Round "9"]
[White "Bajt,I"]
[Black "Isayeva,A"]
[Result "1-0"]
[WhiteElo "2204"]
[BlackElo "2025"]

1.e4 c5 2.Nf3 Nc6 3.Bb5 g6 4.O-O Bg7 5.Re1 Nf6 6.e5 Nd5 7.Nc3 Nb6 8.Bxc6 dxc6
9.Ne4 Nd7 10.e6 fxe6 11.Nfg5 Nf8 12.Qf3 Bf6 13.d3 h6 14.Nxf6+ exf6 15.Ne4 Nd7
16.Bf4 f5 17.Nd6+ Ke7 18.Rxe6+ Kxe6 19.Qe3+ Kf6 20.Re1 Qf8 21.Be5+ Nxe5 22.Qxe5+ Kg5
23.Ne4+ Kh5 24.g4+ Kxg4 25.Qg3+ Kh5 26.Qh3+  1-0

[Event "39th Olympiad Women"]
[Site "Khanty-Mansiysk RUS"]
[Date "2010.09.30"]
[Round "9"]
[White "Melia,S"]
[Black "Savina,A"]
[Result "1-0"]
[WhiteElo "2439"]
[BlackElo "2404"]

1.e4 c5 2.Nf3 Nc6 3.Bb5 Nf6 4.Nc3 g6 5.e5 Ng4 6.Bxc6 dxc6 7.h3 Nh6 8.g4 Bg7
9.d3 O-O 10.Bf4 f6 11.Qd2 Nf7 12.O-O-O fxe5 13.Be3 Qa5 14.Kb1 Be6 15.b3 c4
16.dxc4 Rad8 17.Qe1 Bxc4 18.bxc4 Qb4+ 19.Kc1 Qa3+ 20.Kb1 Qb4+ 21.Kc1 Qa3+
22.Kb1 Nd6 23.Rxd6 Rxd6 24.Ng5 Qb4+ 25.Kc1 Qa3+ 26.Kb1 Qb4+ 27.Kc1 e4 28.Ngxe4 Re6
29.Qd2 Qa3+ 30.Kd1 Qa5 31.Ke2 Rd8 32.Qe1 Qb4 33.f3 Qxc4+ 34.Kf2 Rf8 35.Kg2 b5
36.Rf1 b4 37.Nd1 Qxa2 38.Qxb4 Qxc2+ 39.Qd2 Qa4 40.Ndf2 Qb5 41.Qa2 Qd5 42.Qxa7 Qb3
43.Re1 Re5 44.Qa6 c5 45.Qc6 Kh8 46.f4 Re6 47.Qxc5 Qb2 48.Qc4 Rb6 49.Bxb6 Qxb6
50.Ng5 Qb7+ 51.Qe4 Qxe4+ 52.Rxe4 Bf6 53.Ne6 Rc8 54.g5  1-0

[Event "39th Olympiad Women"]
[Site "Khanty-Mansiysk RUS"]
[Date "2010.09.30"]
[Round "9"]
[White "Kaya,E"]
[Black "Ubaldo Suarez,M"]
[Result "1-0"]
[WhiteElo "2070"]
[BlackElo "2054"]

1.e4 c5 2.Nf3 Nc6 3.Bb5 Qb6 4.Nc3 e6 5.O-O Nf6 6.Bxc6 Qxc6 7.d4 cxd4 8.Nxd4 Qc7
9.Re1 d6 10.Bf4 e5 11.Ndb5 Qb8 12.Bg5 a6 13.Na3 Be6 14.Bxf6 gxf6 15.Nd5 Bxd5
16.Qxd5 Qc7 17.Nc4 Qc6 18.Rad1 Rd8 19.Ne3 Qxd5 20.Rxd5 Kd7 21.Red1 Ke6 22.Nf5 Rg8
23.c4 Be7 24.c5 dxc5 25.Rxd8  1-0

[Event "39th Olympiad Women"]
[Site "Khanty-Mansiysk RUS"]
[Date "2010.10.01"]
[Round "10"]
[White "Otgonjargal,S"]
[Black "Sargac,R"]
[Result "1/2-1/2"]
[WhiteElo "2143"]
[BlackElo "2192"]

1.e4 c5 2.Nf3 Nc6 3.Bb5 a6 4.Bxc6 dxc6 5.d3 Qc7 6.h3 e5 7.O-O f6 8.Nc3 Bd6
9.Nh2 Ne7 10.Ne2 O-O 11.Ng4 Ng6 12.Ne3 Be6 13.Ng3 Nf4 14.Nef5 g6 15.Nxd6 Qxd6
16.Qf3 Rad8 17.Be3 b6 18.Kh2 f5 19.exf5 Bxf5 20.Bxf4 exf4 21.Nxf5 Rxf5 22.Rae1 Rdf8
23.Re4 Qf6 24.c3 Rd5 25.Rfe1 Qf5 26.d4 cxd4 27.cxd4 Rf7 28.Re5 Qd7 29.Rxd5 Qxd5
30.Qxd5 cxd5 31.Re6 Rb7 32.Rd6 Kf7 33.g3 fxg3+ 34.Kxg3 Ke7 35.Rxd5 Rc7 36.Kf3 Rc2
37.Re5+ Kd6 38.Re2 Rc8 39.Ke4 Re8+ 40.Kd3 Rf8 41.Ke4 g5 42.Ke3 Rf4 43.Re1 Rh4
44.Rg1 Rxh3+ 45.f3 h6 46.Ke4 Rh2 47.Kf5 Kd5 48.Re1 Kxd4 49.Re4+ Kc5 50.Re5+ Kb4
51.Re6 Ka5 52.b4+ Kb5 53.a4+ Kxb4 54.Rxb6+ Ka5 55.Rf6 Rh4 56.Ke5 Rxa4 57.Rxh6 Rf4
58.Rg6 Rxf3 59.Rxg5 Kb4 60.Rg4+ Kc5 61.Ke4 Rh3 62.Rg8 Kb4 63.Rb8+ Ka4 64.Kd4 a5
65.Ra8 Kb4 66.Rb8+ Ka3 67.Kc4 Rh1 68.Rg8 Rh3 69.Rg1 Rh4+ 70.Kc3 Ka4 71.Kb2 Kb4
72.Ka1 a4 73.Rb1+ Ka3 74.Rg1 Rh3 75.Rf1 Rb3 76.Rg1  1/2-1/2

[Event "39th Olympiad Women"]
[Site "Khanty-Mansiysk RUS"]
[Date "2010.10.01"]
[Round "10"]
[White "Sihite, Chelsie Monica"]
[Black "Docena,J"]
[Result "1/2-1/2"]
[WhiteElo "2014"]
[BlackElo "2033"]

1.e4 c5 2.Nf3 Nc6 3.Bb5 g6 4.O-O Bg7 5.Re1 e5 6.Bxc6 bxc6 7.c3 Ne7 8.d4 cxd4
9.cxd4 exd4 10.Nxd4 O-O 11.Nc3 Qc7 12.Bg5 Re8 13.Qd2 Ba6 14.Rad1 Rad8 15.Qc1 Qb7
16.e5 Rb8 17.Nb3 Nd5 18.Nc5 Qc8 19.Bf4 Rb4 20.Bg3 Rc4 21.N5e4 Bf8 22.Qg5 Be7
23.Nf6+ Nxf6 24.exf6 Bf8 25.h4 Qd8 26.Rxe8 Qxe8 27.Qd2 d5 28.b3 Rb4 29.h5 d4
30.Na4 Qe2 31.hxg6 hxg6 32.Qxe2 Bxe2 33.Re1 d3 34.Nc3 Rb7 35.Nxe2 Bb4 36.Nc3 Bxc3
37.Re8+ Kh7 38.Rd8 Bxf6 39.Rxd3 Kg7 40.Rd6 Rb6 41.Kf1 a5 42.Ke2 a4 43.bxa4 Rb2+
44.Rd2 Rb4  1/2-1/2

[Event "21st Open"]
[Site "Goch GER"]
[Date "2010.10.02"]
[Round "5.54"]
[White "Dorr,Y"]
[Black "Lehmann,He2"]
[Result "0-1"]
[WhiteElo "1824"]
[BlackElo "1901"]

1.e4 c5 2.Nf3 Nc6 3.Bb5 a6 4.Bxc6 dxc6 5.O-O g6 6.c3 Nf6 7.e5 Nd5 8.d4 cxd4
9.cxd4 Bg4 10.h3 Bxf3 11.Qxf3 e6 12.Nd2 c5 13.dxc5 Bxc5 14.Ne4 Be7 15.Bh6 Qc7
16.Bg7 Rg8 17.Nf6+ Bxf6 18.exf6 Qf4 19.Qb3 O-O-O 20.Rac1+ Kb8 21.Rc4 Qd6
22.Rfc1 Rc8 23.Rxc8+ Rxc8 24.Rxc8+ Kxc8 25.Qd1 Qe5 26.Qc2+ Qc7 27.Qd2 h5
28.Qh6 Qd8 29.Qg5 Qc7 30.a3 Qf4 31.Qxf4 Nxf4 32.Kf1 Kd7 33.g4 Nxh3 34.gxh5 gxh5
35.Bh6 e5 36.Kg2 Nf4+ 37.Kg3 Nd3 38.b3 Ke6 39.Bg7 Kf5 40.Kg2 Nc5 41.b4 Nd7
42.f3 Nxf6 43.Kg3 b5 44.Bh6 Nd5 45.Kh4 Nf4 46.Kg3 Ng6 47.Be3 h4+ 48.Kh3 Nf4+
49.Kh2 e4 50.Bf2 exf3 51.Bxh4 Ke4 52.Kg1 Nd3 53.Kf1 f5 54.Bf6 Kd5  0-1

[Event "39th Olympiad Women"]
[Site "Khanty-Mansiysk RUS"]
[Date "2010.10.03"]
[Round "11"]
[White "Sop,S"]
[Black "Piarnpuu,L"]
[Result "1-0"]
[WhiteElo "2021"]
[BlackElo "2111"]

1.e4 c5 2.Nf3 Nc6 3.Bb5 g6 4.O-O Bg7 5.Re1 Nf6 6.e5 Nd5 7.Nc3 Nc7 8.Bxc6 dxc6
9.Ne4 Ne6 10.d3 O-O 11.Be3 b6 12.Qd2 a5 13.a4 f5 14.exf6 exf6 15.Bh6 Ra7
16.h4 Bxh6 17.Qxh6 Ng7 18.Ng3 Re7 19.Rxe7 Qxe7 20.Re1 Qf7 21.b3 Be6 22.Qf4 Qd7
23.Nd2 Bd5 24.Nde4 Bxe4 25.Nxe4 Qd4 26.Qc7 f5 27.Nd6 Qxh4 28.Qxb6 Qd4 29.Nc4 f4
30.Qxc6 Qc3 31.Qd5+ Kh8 32.Re2 Qa1+ 33.Kh2 Qf6 34.Qd6 Qh4+ 35.Kg1 Rd8 36.Qe7 Qxe7
37.Rxe7 Nf5 38.Rc7 Nd4 39.Nxa5 Nxc2 40.Rxc5 Nb4 41.Rb5 Nxd3 42.Nc6 Rd6 43.Rb8+ Kg7
44.Rd8 Rxd8 45.Nxd8 Nb4 46.Ne6+ Kf6 47.Nxf4 Ke5 48.Ne2 Ke4 49.Nc3+ Kd3 50.Nb5 Kc2
51.Nd4+ Kc3 52.Ne6 Kxb3 53.a5 Ka4 54.Nf8 Kxa5 55.Nxh7 Nd5 56.Nf8 Ne7 57.Kh2 Kb4
58.Kh3 Kc4 59.Kg4 Kd3 60.Kg5 Ke2 61.f4 Nf5 62.Nxg6 Ng3 63.f5 Kf2 64.Nh4 Ne4+
65.Kf4  1-0

[Event "39th Olympiad Women"]
[Site "Khanty-Mansiysk RUS"]
[Date "2010.10.03"]
[Round "11"]
[White "Kaps,D"]
[Black "Galojan,L"]
[Result "0-1"]
[WhiteElo "2300"]
[BlackElo "2373"]

1.e4 c5 2.Nf3 Nc6 3.Bb5 e6 4.Bxc6 bxc6 5.d3 f6 6.O-O Ne7 7.Nh4 g6 8.b3 Bg7
9.Bb2 O-O 10.f4 d6 11.Nd2 e5 12.fxe5 fxe5 13.Rxf8+ Bxf8 14.Qf3 Be6 15.Qe3 Bg7
16.Rf1 h6 17.Nc4 Qd7 18.Qg3 Kh7 19.Ne3 Rf8 20.Rxf8 Bxf8 21.Qf2 Bg7 22.Nf3 Ng8
23.a4 Nf6 24.g3 Qb7 25.Bc3 Nd7 26.Nc4 Bxc4 27.dxc4 Nf6 28.Qe2 Qd7 29.Qd3 Qg4
30.Nd2 h5 31.Kg2 h4 32.Qf3 h3+ 33.Kf2 Kg8 34.Qxg4 Nxg4+ 35.Kg1 Bh6 36.Nf3 Kg7
37.Ba5 Nf6 38.Bc7 Nxe4 39.Kf1 Kf6 40.Ng1 Nxg3+ 41.Kf2 Nf5 42.Nxh3 e4 43.c3 Bd2
44.Ba5 d5 45.Ke2 Be3 46.Bd8+ Ke6 47.cxd5+ cxd5 48.Bc7 d4 49.cxd4 cxd4 50.Bf4 d3+
51.Kd1 Kd5 52.Bb8 Nd6 53.b4 g5 54.Bxa7 Bxa7 55.Nxg5 Be3 56.Nh7 Nc4 57.Nf6+ Kd4
58.Ng4 Nb2+ 59.Ke1 d2+  0-1

[Event "Tatry Open"]
[Site "Tatranske Zruby CZE"]
[Date "2010.10.04"]
[Round "3"]
[White "Mrva,V"]
[Black "Dobes,O"]
[Result "0-1"]
[WhiteElo "2130"]
[BlackElo "2008"]

1.e4 c5 2.Nf3 Nc6 3.Bb5 g6 4.O-O Bg7 5.c3 Qb6 6.Qa4 Nf6 7.Re1 O-O 8.d4 a6
9.Bf1 d6 10.d5 Nb8 11.h3 Qc7 12.c4 b6 13.Nc3 Bb7 14.Qc2 Nbd7 15.Be3 Rae8
16.Qd2 Ne5 17.Nh2 e6 18.Bh6 exd5 19.exd5 Ned7 20.Bxg7 Kxg7 21.Ng4 h5 22.Qh6+ Kg8
23.Ne3 Nh7 24.Bd3 Ndf6 25.Ne2 Kh8 26.Ng3 Ng8 27.Qf4 Bc8 28.Ne4 Re5 29.Qg3 Rfe8
30.Nc2 Bf5 31.f3 Bxe4 32.Rxe4 Rxe4 33.Bxe4 Qe7 34.Re1 Qf6 35.b4 cxb4 36.Nxb4 Qd4+
37.Kh1 Qxc4 38.Rb1 a5 39.Nc6 Qxa2 40.Rxb6 Qa1+ 41.Kh2 Qf6 42.Nxa5 Ra8 43.Rxd6 h4
44.Rxf6 hxg3+ 45.Kxg3 Nhxf6 46.Nc6 Kg7 47.Kf4 Re8 48.g4 Nd7 49.g5 Ne7 50.Nxe7 Rxe7
51.Ke3 f5 52.gxf6+ Kxf6 53.Kd4 Rh7 54.Kc4 Rxh3 55.Kb5 Ne5 56.f4 Nd3 57.d6 Nxf4
58.Kc6 Ne6 59.Kd7 Nc5+ 60.Kc7 Nxe4 61.d7 Rd3  0-1

[Event "Tatry Open"]
[Site "Tatranske Zruby CZE"]
[Date "2010.10.06"]
[Round "6"]
[White "Jossien,A"]
[Black "Krutina,M"]
[Result "1-0"]
[WhiteElo "2348"]
[BlackElo "2015"]

1.e4 c5 2.Nf3 Nc6 3.Bb5 e6 4.O-O Nge7 5.c3 a6 6.Ba4 b5 7.Bc2 Bb7 8.d4 cxd4
9.Nxd4 Ng6 10.f4 Bc5 11.Be3 e5 12.fxe5 Ncxe5 13.Nf5 Bxe3+ 14.Nxe3 Qb6 15.Qd4 Qxd4
16.cxd4 Nc4 17.Nxc4 bxc4 18.Nd2 Rc8 19.b3 cxb3 20.Bxb3 f6 21.Nc4 Ke7 22.e5 fxe5
23.dxe5 Rb8 24.Nd6 Nxe5 25.Nf7 Nxf7 26.Rxf7+ Kd8 27.Ba4 Bc8 28.Rxg7 Rb4 29.Bc2 Rb2
30.Bxh7 Rd2 31.Be4 Re8 32.Bf3 a5 33.h4 Ba6 34.h5 Bc4 35.Rb1 Re6 36.Rb8+ Kc7
37.Rb7+ Kd8 38.a4 Bd5 39.Rbxd7+  1-0